000 00507nam a2200157 4500
008 020115s1983 miu engta
020 _a031045641X
090 _aBT1105
_bC56b
245 1 0 _aClassical readings in Christian apologetics, A.D. 100-1800 /
_cby L. Russ Bush .
260 _aMichigan :
_bZondervan,
_cc1983.
300 _a386 p.
650 4 _aApologetics
_xAddresses, essays, lectures.
700 1 _aBush, L. Russ
951 _p8413
_oBT1105/C56b
_j070613111037703
_d2000-12-21
_cREF
999 _c5595
_d5595